| 000 | 01169nam a22002777a 4500 | ||
|---|---|---|---|
| 003 | OSt | ||
| 005 | 20251016200229.0 | ||
| 008 | 240201b ||||| |||| 00| 0 eng d | ||
| 040 | _c0 | ||
| 082 | _aDPer 621.317 Ie21 January 2022 v. 37 n. 1 | ||
| 100 |
_aShen, Lailai. _eauthor. _951096 |
||
| 245 |
_aResonating power decoupling using multifunctional bidirectional DC/DC converter in hybrid railway traction application / _cLailai Shen, Jie Chen, Zheming Jin, Zhigang Liu, Dao Zhou, and Chao Wu. |
||
| 260 |
_aNew York ; _bThe Institute of Electrical and Electronics Engineers, Inc. , _cJanuary 2022. |
||
| 300 |
_aVolume 37, pages 404-415 : _billustration ; _c28 cm. |
||
| 500 | _aIEEE Transactions on Power Electronics, v. 37 n. 1, pages 404-415, January 2022. | ||
| 650 | 0 |
_a Capacitors. _965717 |
|
| 650 | 0 |
_aElectric batteries. _957249 |
|
| 650 | 0 |
_aResonant frequency. _965802 |
|
| 700 |
_aShen, Lailai. _eauthor. _951096 |
||
| 700 |
_aChen,Jie. _eauthor. _951097 |
||
| 700 |
_aJin, Zheming. _eauthor. _951098 |
||
| 700 |
_aLiu, Zhigang. _eauthor. _951099 |
||
| 700 |
_aZhou, Dao. _eauthor. _951100 |
||
| 700 |
_aWu, Chao. _eauthor. _951101 |
||
| 942 |
_2ddc _cPER |
||
| 999 |
_c18853 _d18853 |
||